| Поле | Инд. | ПП | Название | Значение |
|---|---|---|---|---|
| Тип записи | a | |||
| Библиографический уровень | m | |||
| 001 | Контрольный номер | RU/LIBMSTU/420633346 | ||
| 005 | Дата корректировки | 20200424130613.4 | ||
| 008 | Кодируемые данные | 130430|||||||||ru |||||||||||000|||rus|| | ||
| 020 | a | ISBN | 978-5-394-01084-2 | |
| 040 | b | Код языка каталог. | rus | |
| 041 | 0_ | a | Код языка текста | rus |
| 084 | a | Индекс другой классификации/Индекс ББК | 65.291.21я7+ 60.82 | |
| 090 | a | Полочн. индекс | 65.291.21 | |
| x | Авторский знак | Ю 23 | ||
| 100 | 1_ | a | Автор | Юкаева В. С. |
| 245 | 10 | a | Заглавие | Принятие управленческих решений |
| b | Продолж. заглавия | учебник для вузов | ||
| 260 | a | Место издания | Москва | |
| b | Издательство | Дашков и К | ||
| c | Дата издания | 2012 | ||
| 300 | a | Объем | 322, [1] с. | |
| b | Иллюстрации/ тип воспроизводства | ил. | ||
| 440 | _0 | a | Серия | Учебные издания для бакалавров |
| 504 | a | Библиография | Библиогр.: с. 320-323 | |
| 650 | 04 | a | Основная рубрика | Принятие управленческих решений-Учебные издания для высших учебных заведений-Бакалавриат |
| 653 | 0_ | a | Ключевые слова | Риски управленческие; Экономика |
| 700 | 12 | a | Другие авторы | Зубарева Е. В. |
| 700 | 1_ | a | Другие авторы | Чувикова В. В. |
| 901 | t | Тип документа | m | |
| 952 | c | Вид литературы | учебник |